000 01340cam a22002531 4500
001 3105
003 FISKH
005 20260113112712.0
008 760107s1965 oncab j 000 1 eng
010 _a 66003393
040 _aDLC
_cAk
_dDLC
_beng
050 0 0 _aPZ7.W6494
_bSo
082 _aFic
100 1 _aWilkinson, Douglas,
_d1919-2008.
245 1 0 _aSons of the Arctic /
_cDoug Wilkinson ; Illustrated by Prudence Seward.
250 _aThis edition published 1967
260 _aLondon :
_bG. Bell & Sons,
_c1965
300 _a172 pages :
_billustrations ; map ;
_c21 cm
520 _aThis exhilarating, realistic story of the Arctic will so draw young people into it that they will share the adventures of the three Eskimo boy heroes as if they were actually taking part in them. They will savour, with them, the excitement of the annual fishing expedition before the ice closes in, the hunting, the fun, the satisfaction with basic necessities of food and warmth, and the long struggle with s blinding snowstorm. And they always feel the menacing background presence of the huge polar bear which they know the boys are bound to meet in the end.
650 _aSon of the arctic
_vJuvenile Literature
700 _aSeward, Prudence
_eIllustrator
906 _a7
_bcbc
_corignew
_du
_eocip
_f19
_gy-gencatlg
942 _2ddc
_cBK
_n0
999 _c3105
_d3105